| 000 | 00732nam a2200241 a 4500 | ||
|---|---|---|---|
| 005 | 20210219153448.0 | ||
| 008 | 991125n 000 0 eng u | ||
| 035 | _aUPN01000101179 | ||
| 100 | 1 | _aDe Nardo, Annete M | |
| 222 | _aCOMPUTERS IN THE SCHOOLS : | ||
| 222 | _bTHE INTERDISCIPLINARY JOURNAL OF PRACTICE, THEORY AND APPLIED RESEARCH | ||
| 245 | _aA study of the effectiveness of computer-based simulations in teaching computer architecture | ||
| 260 | _aNew York, EUA | ||
| 300 | _a125-140 | ||
| 362 | 0 | _a1994 Vol.10, nos. 1-2 | |
| 653 | 0 | _aCOMPUTACION | |
| 653 | 0 | _aENSEĆANZA | |
| 653 | 0 | _aSIMULADORES | |
| 700 | 1 | _aPyzdrowski, Anthony S., | |
| 700 | 1 | _ecoaut. | |
| 904 |
_aAC _b038990 |
||
| 905 | _aArticulo | ||
| 999 |
_c77510 _d77510 |
||